000 00627nam a2200241Ia 4500
003 OSt
005 20220918174936.0
006 a|||||r|||| 00| 0
007 ta
008 220917b |||||||| |||| 00| 0 eng d
024 _a14,855
037 _cTextual
040 _aARTS
_cARTS
_beng
041 _2eng
_aeng
082 _aN86, J9.1-.2 (906)
100 _aJones A M
_952272
245 0 _aStudies in African music
260 _aLondon
_bOxford Univeristy Press USA
_c1959
300 _a295p
_ccm.
650 _aARTS
942 _hN86, J9.1-.2 (906)
_cTEXL
_2CC
999 _c155317
_d155317